Statistics for Books of History

Click here to take the quiz!

General Stats

  • This quiz has been taken 10 times
  • The average score is 8 of 12

Answer Stats

Book% Correct
Joshua
90%
Ruth
90%
1 Kings
80%
2 Kings
80%
Esther
80%
Judges
80%
Nehemiah
70%
1 Chronicles
60%
2 Chronicles
60%
1 Samuel
50%
2 Samuel
50%
Ezra
50%

Score Distribution

Percentile by Number Answered

Percent of People with Each Score

Your Score History

You have not taken this quiz